Daň z finančných transakcií ako nástroj konsolidácie verejných financií na Slovensku

Príspevok sa zaoberá zavedením dane z finančných transakcií na Slovensku, ktorá bola schválená ako súčasť konsolidačného balíčka na zlepšenie stavu verejných financií. Predmetom analýzy sú legislatívne, ekonomické a praktické aspekty implementácie tejto dane, jej očakávané prínosy, ako aj riziká spo...

Descrizione completa

Salvato in:
Dettagli Bibliografici
Autore principale: Stašková, Slavomíra, 1989-
Altri autori: Szabo, Stanislav, 1970-
Natura: Capitolo di libro
Lingua:slovacco
Soggetti:
Tags: Aggiungi Tag
Nessun Tag, puoi essere il primo ad aggiungerne!!

MARC

LEADER 00000naa$a2200000$$$4500
001 0306520
005 20250127074529.7
041 0 |a slo 
044 |a SK 
245 1 0 |a Daň z finančných transakcií ako nástroj konsolidácie verejných financií na Slovensku  |c Slavomíra Stašková, Stanislav Szabo 
520 |a Príspevok sa zaoberá zavedením dane z finančných transakcií na Slovensku, ktorá bola schválená ako súčasť konsolidačného balíčka na zlepšenie stavu verejných financií. Predmetom analýzy sú legislatívne, ekonomické a praktické aspekty implementácie tejto dane, jej očakávané prínosy, ako aj riziká spojené s jej zavedením. Výsledky predikujú potenciál zvýšenia daňových príjmov vo výške 700 miliónov eur ročne, ale zároveň identifikujú riziká, ako je zvýšenie nákladov pre podnikateľov, preferencia hotovostných platieb a presun finančných operácií do zahraničia. Predkladaný príspevok tiež identifikuje možné dopady na stabilitu finančného trhu, dostupnosť bankových služieb a súlad s legislatívou Európskej únie. Príspevok je jedným z príspevkov do diskusie o novozavedenej dani a jej vplyvu na ekonomiku Slovenska. 
610 2 0 |a dane 
610 2 0 |a deficit 
610 2 0 |a financie verejné 
610 2 0 |a konsolidácia 
610 2 0 |a dlhy 
100 1 |a Stašková, Slavomíra, 1989- 
700 1 |a Szabo, Stanislav, 1970-